| 000 | 00364nam a22001457a 4500 | ||
|---|---|---|---|
| 999 |
_c8023 _d8023 |
||
| 003 | OSt | ||
| 005 | 20200617162224.0 | ||
| 008 | 200617b ||||| |||| 00| 0 eng d | ||
| 020 | _a9789881668745 | ||
| 082 |
_a728.8 _bXIA |
||
| 110 | _a Xiaojuan Ding(editor) | ||
| 245 | _aDesign art of villa II | ||
| 260 |
_aHong Kong _bArtPower International, _c 2013 |
||
| 942 | _2ddc | ||